Charlie Puth - Attention Lyrics - Statistics

General Stats
  • This quiz has been taken 82 times
    78 since last reset
  • The average score is 308 of 422
Answer Stats
Answer % Correct
you
98%
You
98%
you,
98%
at
97%
I,
97%
I
97%
my
97%
attention,
95%
just
95%
when
95%
want
94%
heart
92%
don't
90%
me
90%
me?
90%
that
86%
know
84%
know,
84%
be
83%
knew
83%
on
83%
regret
83%
regret,
83%
the
81%
is
79%
to
78%
with
75%
perfume
73%
up
73%
what
73%
What
73%
all
70%
And
70%
been
70%
dress
70%
got
70%
now
70%
of
70%
ooh
70%
runnin'
70%
thinking
70%
You've
70%
call
68%
'Cause
68%
from
68%
round,
68%
round
68%
you're
68%
You're
68%
'Cause
67%
I'm
67%
karma,
67%
LA
67%
oh
67%
someone
67%
Yeah,
67%
yeah
67%
mine
65%
mine,
65%
start
65%
were
65%
we're,
65%
we're
65%
'bout
63%
in
63%
coming
62%
new
62%
party
62%
tonight
62%
Maybe
60%
over
60%
But
59%
expect?
59%
home
59%
thought
59%
going
57%
hate
57%
I'd
57%
making
57%
name
57%
not
57%
one
57%
sure
57%
are
54%
doin'
54%
doin',
54%
Every
54%
never
54%
dirt
51%
ya,
51%
Throwin'
49%
gettin'
48%
Baby,
44%
ooh
37%
getting
33%
face
32%
already
24%
Hm-hmm
22%
here
21%
standing
21%
won,
21%
Woah-oh
19%
Right
17%
'ready
16%
huh
14%
huh?
14%
No matching quizzes found
Score Distribution
Percent of People with Each Score
Percentile by Number Answered
Your Score History
You have not taken this quiz since the last reset